000 00592nam a2200181Ia 4500
008 151018s9999 xx 000 0 und d
082 _bRBASDV40790
_a340
100 _aअभया शेलकर
245 _aमुंबई कुळवहिवाट व
250 _b1
260 _bनाशिक लॉ हाऊस
_c2005
300 _a288
600 _aअभया शेलकर
630 _aमुंबई कुळवहिवाट व
700 _aअभया शेलकर
730 _aमुंबई कुळवहिवाट व
942 _cBOOK
999 _c1040064
_d1040061